000 00596nam a2200193Ia 4500
003 GCL
008 140319s9999 xx 000 0 aRus d
040 _aGCL /
_cGCL
082 0 4 _a462
_bB L
100 1 _aBREVA, CLARAMONTE MANUEL
245 1 0 _aLARENZO HERVAS Y PANDURO: VOCABLARIS POLIGLOTS ( 1787 ) SAGGIS PRATICO DELL LINGUE ( 1787 ) /
_cBREVA, CLARAMONTE MANUEL
700 1 _aSARMIENTO, RAMON
260 _a[S.N] :
_bSOCIEDAD GENERAL ESPANOLA DE LIBRERIA ،
_c1990
300 _a541 P
650 0 4 _aLINGUISTICS
650 0 4 _aSPANISH LANGUAGE
650 0 4 _aLANGUAGES
942 _2ddc
_cBK
999 _c15372
_d15372